| 000 | 00603 a2200181 4500 | ||
|---|---|---|---|
| 020 | _c250.00 | ||
| 035 | _aB-147736 | ||
| 037 | _bRP-BLIII-357 / PANSY-05-06:15 / RP-05-06:ENG | ||
| 082 | 1 | 4 | _a000 |
| 090 |
_c2180 _d2180 |
||
| 100 | 1 | _aAggarwal, R.S. | |
| 245 | 1 |
_aS.Chand's advanced objective general knowledge _b11000 plus questions _cby R.S.Aggarwal |
|
| 260 |
_aNew Delhi _bS. Chand _c2006r |
||
| 300 |
_aVarious pagings _c25 cm (pbk) |
||
| 500 | _aThis is reprint 2006 | ||
| 942 |
_adpl _cEN _k000 / AGG |
||
| 999 |
_c2140 _d2140 |
||